000 00452nam a22001817a 4500
003 MPLRDC
005 20220104143213.0
008 210129b ||||| |||| 00| 0 eng d
020 _a9971-84-734-5
082 _a859.6 HZMJ v.1 c.2
100 _a马汉编写
245 _a吕蒙正过穷年
_c
260 _a
_b新加坡人民书局
_c
300 _b
490 _a华族民间节日故事丛书
650 _a
942 _cBK
_o859.6 HZMJ v.1 c.2
999 _c37624
_d37614